| 000 | 00439nam a2200193Ia 4500 | ||
|---|---|---|---|
| 008 | 170918s9999 xx 000 0 und d | ||
| 020 | _a9780545111164 | ||
| 050 | _bS617 2007 | ||
| 100 | _aSinger, Marilyn | ||
| 245 | _aVenom / | ||
| 245 | _cMarilyn Singer. | ||
| 260 | _aNew York : | ||
| 260 | _bScholastic, | ||
| 260 | _c2007 | ||
| 300 | _a96 pages : | ||
| 300 | _bcolored illustration ; | ||
| 300 | _c28cm. | ||
| 500 | _a1110 | ||
| 999 |
_c341990 _d341990 |
||